| 000 | 00452nam a22001817a 4500 | ||
|---|---|---|---|
| 003 | MPLRDC | ||
| 005 | 20220104144338.0 | ||
| 008 | 210129b ||||| |||| 00| 0 eng d | ||
| 082 | _a848.1 LX-61 | ||
| 100 | _a中山大学中文系编 | ||
| 245 |
_a鲁迅在广州 _c |
||
| 250 | _a一版一刷 | ||
| 260 |
_a _b尔雅出版社 _c1978 |
||
| 300 | _b平 | ||
| 490 | _a鲁迅研究资料丛书 | ||
| 650 | _a现代别集 | ||
| 942 |
_cBK _o848.1 LX-61 |
||
| 999 |
_c48716 _d48706 |
||